[Event "FRA-ch U10"]
[Site "Aix les Bains"]
[Date "2006.??.??"]
[Round "5"]
[White "Allard, Julien"]
[Black "Delafargue, Anatole"]
[Result "0-1"]
[WhiteElo "1050"]
[BlackElo "1380"]
[PlyCount "36"]
[EventDate "2006.04.16"]
[EventType "swiss"]
[EventRounds "9"]
[EventCountry "FRA"]
[SourceTitle "EXT 2007"]
[Source "ChessBase"]
[SourceDate "2006.11.23"]
[SourceVersion "1"]
[SourceVersionDate "2006.11.23"]
[SourceQuality "1"]

1. e4 c6 2. d4 d5 3. e5 Bf5 4. Nc3 e6 5. g4 Bg6 6. h4 h6 7. h5 Bh7 8. Nge2 Nd7 9. Bg2 c5 10. dxc5 Bxc5 11. Bf4 Ne7 12. f3 0-0 13. Bh2 Nc6 14. f4 Qh4+ 15. Bg3 Qxg4 16. Qd2 d4 17. Rh4 dxc3 18. Nxc3 Qxg3+ 0-1

[Event "FRA-ch U10"]
[Site "Aix les Bains"]
[Date "2006.??.??"]
[Round "6"]
[White "Froment, Theophile"]
[Black "Delafargue, Anatole"]
[Result "1-0"]
[WhiteElo "1430"]
[BlackElo "1380"]
[PlyCount "103"]
[EventDate "2006.04.16"]
[EventType "swiss"]
[EventRounds "9"]
[EventCountry "FRA"]
[SourceTitle "EXT 2007"]
[Source "ChessBase"]
[SourceDate "2006.11.23"]
[SourceVersion "1"]
[SourceVersionDate "2006.11.23"]
[SourceQuality "1"]

1. e4 c6 2. d4 d5 3. e5 Bf5 4. Nc3 e6 5. g4 Bg6 6. Nge2 Nd7 7. Nf4 c5 8. Be3 cxd4 9. Bxd4 Bb4 10. Qd2 Ne7 11. 0-0-0 0-0 12. Bd3 Bxd3 13. Nxd3 Ba5 14. h4 b5 15. a3 Nc6 16. Bc5 Nxc5 17. Nxc5 Nxe5 18. Nb7 Bxc3 19. Qxc3 Qb6 20. Qxe5 Qxb7 21. h5 Rac8 22. h6 gxh6 23. g5 Qc7 24. Qxc7 Rxc7 25. Rxh6 Rfc8 26. c3 Rc4 27. Rdh1 R8c7 28. Rxh7 d4 29. Rh8+ Kg7 30. R8h7+ Kg6 31. R7h6+ Kxg5 32. R6h5+ Kf4 33. R5h4+ Ke5 34. Rh5+ Kd6 35. Rxb5 dxc3 36. Rd1+ Ke7 37. b3 c2 38. Rd2 Re4 39. Rxc2 Rxc2+ 40. Kxc2 Re2+ 41. Kc3 Rxf2 42. Rb7+ Kf6 43. Rxa7 Ke5 44. b4 f5 45. b5 f4 46. b6 Rf3+ 47. Kb4 Re3 48. b7 f3 49. b8Q+ Kf5 50. Ra5+ Kg4 51. Qg8+ Kh3 52. Rh5# 1-0